Dataset Open Access

Predicting social experience from dyadic interaction dynamics: the BallGame, a novel paradigm to study social engagement

Lübbert, Annika; Sengelmann, Malte; Heimann, Katrin; Schneider, Till R.; Engel, Andreas K.; Göschl, Florian


MARC21 XML Export

<?xml version='1.0' encoding='UTF-8'?>
<record xmlns="http://www.loc.gov/MARC21/slim">
  <leader>00000nmm##2200000uu#4500</leader>
  <datafield tag="653" ind1=" " ind2=" ">
    <subfield code="a">social cognition</subfield>
  </datafield>
  <datafield tag="653" ind1=" " ind2=" ">
    <subfield code="a">dyadic interaction</subfield>
  </datafield>
  <datafield tag="653" ind1=" " ind2=" ">
    <subfield code="a">embodiment</subfield>
  </datafield>
  <datafield tag="653" ind1=" " ind2=" ">
    <subfield code="a">sensory motor contingencies</subfield>
  </datafield>
  <datafield tag="500" ind1=" " ind2=" ">
    <subfield code="a">This work was supported by grants from the EU (project 'socSMCs,' H2020-641321) and the DFG (SFB936-178316478-A3 and TRR169-261402652-B1/B4).</subfield>
  </datafield>
  <controlfield tag="005">20240826093855.0</controlfield>
  <datafield tag="024" ind1=" " ind2=" ">
    <subfield code="a">10.25592/uhhfdm.14631</subfield>
    <subfield code="2">doi</subfield>
  </datafield>
  <datafield tag="999" ind1="C" ind2="5">
    <subfield code="x">Lübbert A, Sengelmann M, Heimann K, Schneider TR, Engel AK, Göschl F. (2024) Predicting social experience from dyadic interaction dynamics: the BallGame, a novel paradigm to study social engagement. Scientific Reports 14, 19666. DOI: https://doi.org/10.1038/s41598-024-69678-9.</subfield>
  </datafield>
  <datafield tag="909" ind1="C" ind2="O">
    <subfield code="o">oai:fdr.uni-hamburg.de:14631</subfield>
    <subfield code="p">user-uke</subfield>
    <subfield code="p">user-uhh</subfield>
  </datafield>
  <datafield tag="041" ind1=" " ind2=" ">
    <subfield code="a">eng</subfield>
  </datafield>
  <datafield tag="909" ind1="C" ind2="4">
    <subfield code="c">19666</subfield>
    <subfield code="v">14</subfield>
    <subfield code="p">Scientific Reports</subfield>
  </datafield>
  <datafield tag="700" ind1=" " ind2=" ">
    <subfield code="a">Sengelmann, Malte</subfield>
    <subfield code="u">Department of Neurophysiology and Pathophysiology, University Medical Center Hamburg-Eppendorf, 20246 Hamburg, Germany</subfield>
  </datafield>
  <datafield tag="700" ind1=" " ind2=" ">
    <subfield code="a">Heimann, Katrin</subfield>
    <subfield code="u">Center for Educational Development, Aarhus University, Trøjborgvej 82-84, 8000 Aarhus C, Denmark</subfield>
  </datafield>
  <datafield tag="700" ind1=" " ind2=" ">
    <subfield code="a">Schneider, Till R.</subfield>
    <subfield code="u">Department of Neurophysiology and Pathophysiology, University Medical Center Hamburg-Eppendorf, 20246 Hamburg, Germany</subfield>
    <subfield code="0">(orcid)0000-0002-8889-6248</subfield>
  </datafield>
  <datafield tag="700" ind1=" " ind2=" ">
    <subfield code="a">Engel, Andreas K.</subfield>
    <subfield code="u">Department of Neurophysiology and Pathophysiology, University Medical Center Hamburg-Eppendorf, 20246 Hamburg, Germany</subfield>
    <subfield code="0">(orcid)0000-0003-4899-8466</subfield>
  </datafield>
  <datafield tag="700" ind1=" " ind2=" ">
    <subfield code="a">Göschl, Florian</subfield>
    <subfield code="u">Department of Neurophysiology and Pathophysiology, University Medical Center Hamburg-Eppendorf, 20246 Hamburg, Germany</subfield>
  </datafield>
  <datafield tag="773" ind1=" " ind2=" ">
    <subfield code="a">10.25592/uhhfdm.14630</subfield>
    <subfield code="i">isVersionOf</subfield>
    <subfield code="n">doi</subfield>
  </datafield>
  <datafield tag="540" ind1=" " ind2=" ">
    <subfield code="u">https://creativecommons.org/licenses/by/4.0/legalcode</subfield>
    <subfield code="a">Creative Commons Attribution 4.0 International</subfield>
  </datafield>
  <datafield tag="100" ind1=" " ind2=" ">
    <subfield code="a">Lübbert, Annika</subfield>
    <subfield code="u">Department of Neurophysiology and Pathophysiology, University Medical Center Hamburg-Eppendorf, 20246 Hamburg, Germany</subfield>
    <subfield code="0">(orcid)0000-0003-4116-1698</subfield>
  </datafield>
  <datafield tag="520" ind1=" " ind2=" ">
    <subfield code="a">&lt;p&gt;To investigate the embodied, distributed and hence dynamically unfolding nature of social cognitive capacities, we present a novel laboratory-based coordination task: the BallGame. Our paradigm requires continuous sensing and acting between two players who jointly steer a virtual ball around obstacles towards as many targets as possible.&amp;nbsp;&lt;/p&gt;

&lt;p&gt;Scripts and preprocessed behavioural data to conduct the main analyses (MANOVA and regression) published in:&lt;/p&gt;

&lt;p&gt;&amp;nbsp;&amp;nbsp; &amp;nbsp;L&amp;uuml;bbert A, Sengelmann M, Heimann K, Schneider TR, Engel AK, G&amp;ouml;schl F. (2024) Predicting social experience from dyadic interaction dynamics: the BallGame, a novel paradigm to study social engagement. Scientific Reports &lt;strong&gt;14&lt;/strong&gt;, 19666. DOI: https://doi.org/10.1038/s41598-024-69678-9.&amp;nbsp;&lt;/p&gt;

&lt;p&gt;Published open access: https://rdcu.be/dRWQV&lt;/p&gt;

&lt;p&gt;Data was collected at the Institute of Neurophysiology and Pathophysiology, University Medical Center Hamburg-Eppendorf, Germany, in 2019.&amp;nbsp;&lt;/p&gt;

&lt;p&gt;The experiment involved twenty-three pairs of participants who played 60 one-minute trials of the &amp;lsquo;BallGame&amp;rsquo;, an interpersonal coordination task in which two players steer a virtual ball on a 2D surface around obstacles towards as many targets as possible by bending and flexing their index fingers. Participants played this game under three different conditions: (1) individual play: participants see the same six of nine active obstacles but play on separate landscapes (each steering their own ball), (2) joint play SAME: participants steer a shared ball, both of them see the same six of the nine active obstacles, and three obstacles remain invisible to both; and (3) joint play DIFF: participants steer a shared ball, three obstacles are visible to both players, three only to the first and three only to the second player. We used a blocked experimental design: first 10 trials of individual play, then 10 trials of either joint play SAME or DIFF (counter-balanced across pairs), followed by 10 trials of the other joint play condition. After a break, participants again completed 20 trials of joint play and 10 trials of individual play.&lt;/p&gt;

&lt;p&gt;During the trial, we measured finger movement, ball position, target collection and obstacle collision events (as well as eye movement, EEG). After every 3-4 trials, we asked participants to rate their level of engagement, agreement and predictability. After the game we conducted individual interviews with participants.&amp;nbsp;&lt;/p&gt;</subfield>
  </datafield>
  <datafield tag="536" ind1=" " ind2=" ">
    <subfield code="a">Socialising Sensori-Motor Contingencies</subfield>
    <subfield code="c">641321</subfield>
  </datafield>
  <datafield tag="542" ind1=" " ind2=" ">
    <subfield code="l">open</subfield>
  </datafield>
  <datafield tag="980" ind1=" " ind2=" ">
    <subfield code="a">dataset</subfield>
  </datafield>
  <datafield tag="245" ind1=" " ind2=" ">
    <subfield code="a">Predicting social experience from dyadic interaction dynamics: the BallGame, a novel paradigm to study social engagement</subfield>
  </datafield>
  <datafield tag="980" ind1=" " ind2=" ">
    <subfield code="a">user-uhh</subfield>
  </datafield>
  <datafield tag="980" ind1=" " ind2=" ">
    <subfield code="a">user-uke</subfield>
  </datafield>
  <datafield tag="650" ind1="1" ind2="7">
    <subfield code="a">cc-by</subfield>
    <subfield code="2">opendefinition.org</subfield>
  </datafield>
  <datafield tag="856" ind1="4" ind2=" ">
    <subfield code="s">21866</subfield>
    <subfield code="u">https://www.fdr.uni-hamburg.de/record/14631/files/2024_07 MANOVA script BallGame paper.R</subfield>
    <subfield code="z">md5:e75c30e7d92ff858eceadbfe5dc0210f</subfield>
  </datafield>
  <datafield tag="856" ind1="4" ind2=" ">
    <subfield code="s">12059</subfield>
    <subfield code="u">https://www.fdr.uni-hamburg.de/record/14631/files/2024_07 regression script BallGame paper.R</subfield>
    <subfield code="z">md5:2c9babe2106f027cec1155626aed9290</subfield>
  </datafield>
  <datafield tag="856" ind1="4" ind2=" ">
    <subfield code="s">122913</subfield>
    <subfield code="u">https://www.fdr.uni-hamburg.de/record/14631/files/MANOVA_preps.tsv</subfield>
    <subfield code="z">md5:b6f66d521fdcef359284ec27fff4e98a</subfield>
  </datafield>
  <datafield tag="856" ind1="4" ind2=" ">
    <subfield code="s">119418</subfield>
    <subfield code="u">https://www.fdr.uni-hamburg.de/record/14631/files/model_preps_agree.tsv</subfield>
    <subfield code="z">md5:26bd62352b33a376302ab3ff05ab4b5f</subfield>
  </datafield>
  <datafield tag="856" ind1="4" ind2=" ">
    <subfield code="s">121950</subfield>
    <subfield code="u">https://www.fdr.uni-hamburg.de/record/14631/files/model_preps_engage.tsv</subfield>
    <subfield code="z">md5:aac8a01bc4079941c90680fd70c99aa8</subfield>
  </datafield>
  <datafield tag="856" ind1="4" ind2=" ">
    <subfield code="s">119162</subfield>
    <subfield code="u">https://www.fdr.uni-hamburg.de/record/14631/files/model_preps_predict.tsv</subfield>
    <subfield code="z">md5:c4be82241bb8990ef6366e919e8c1215</subfield>
  </datafield>
  <datafield tag="856" ind1="4" ind2=" ">
    <subfield code="s">7760</subfield>
    <subfield code="u">https://www.fdr.uni-hamburg.de/record/14631/files/read_me.rtf</subfield>
    <subfield code="z">md5:c53cb6532df1b39a13c153baf300003b</subfield>
  </datafield>
  <datafield tag="260" ind1=" " ind2=" ">
    <subfield code="c">2024-07-08</subfield>
  </datafield>
  <controlfield tag="001">14631</controlfield>
</record>

Cite record as